|
|
|
|
| LEADER |
00000cam a2200000 7i4500 |
| 001 |
0000020600 |
| 005 |
20080630.0 |
| 008 |
080630 |
| 020 |
|
|
|a 979888020X
|
| 090 |
0 |
0 |
|a 297.5
|b MUS
|
| 100 |
1 |
|
|a Musawi Lari, Sayid Mujtaba
|
| 245 |
1 |
0 |
|a Menumpas penyakit hati
|c Sayid Mujtaba Musawi Lari penerjemah, M.Hashem ; penyunting, Has Manadi
|
| 250 |
|
|
|a Cetakan 8
|
| 260 |
|
|
|a Jakarta :
|b Lentera ,
|c 2005
|
| 500 |
|
|
|a Judul asli :Youth and morals
|
| 650 |
|
0 |
|a Muslim youth
|x Conduct of life
|
| 650 |
|
0 |
|a Youth
|z Iran
|
| 700 |
1 |
|
|a Hashem, M
|
| 700 |
1 |
|
|a Manadi, Has
|
| 999 |
|
|
|a 0001028352
|b Book
|c Adult Collection
|e Perbadanan Perpustakaan Awam Johor
|
| 999 |
|
|
|a 000893264
|b Book
|c Adult Collection
|e Cawangan Batu Pahat
|